000 01045nam a2200301 a 4500
001
003 DO-SdBNP
005 20220126094103.0
007
008 150213b2009 dr spa d
020 _a9789945020626
040 _aBPMSU
_bspa
_cBPMSU
082 _a923.27293
_bD812J 2009
_222
100 1 _aJimenes Grullón, Juan Isidro
245 1 3 _aLa ideología revolucionaria de Juan Pablo Duarte /
_cJuan Isidro Jimenes Grullón; presentación Reina C. Rosario Fernández
250 _a4a. ed.
260 _aSanto Domingo :
_bArchivo General de la Nación,
_c2009
300 _a69 p. ;
_c23 cm.
490 0 _aCuaderno populares,
_v1
500 _3Incluye referencias bibliográficas y notas al pie de las páginas
590 _6Inventariado, 2022/VM
600 1 4 _aDuarte, Juan Pablo,
_d1813-1876
651 4 _aRepública Dominicana
_xHistoria
_y1844-1930
700 1 _aRosario Fernández, Reina C.
_ePresentación
710 2 _aArchivo General de la Nación (República Dominicana)
910 _aVMateo V.
942 _2ddc
_cBK
999 _c7385
_d7385